Cool Irish words - Statistics

General Stats
  • This quiz has been taken 8 times
  • The average score is 5 of 64
Answer Stats
Hint Answer % Correct
fool amadán
100%
weather/time/season aimsir
60%
victory bua
40%
long ago fadó
40%
water of life/whiskey uisce beatha
40%
rain báisteach
20%
elegy caoineadh
20%
fog ceo
20%
sound of heavy rain on a rooftop clagarnach
20%
hope/trust dóchas
20%
world domhan
20%
empty praise plámás
20%
Person who enjoys late night talking or wandering ragaire
20%
late night talking or wandering ragaireacht
20%
nonsense raméis
20%
feedom saoirse
20%
peacefulness suaimhneas
20%
bellicose achrannach
0%
unease at being somewhere new aduantas
0%
raining ag cur báistí
0%
Night gathering airneán
0%
bliss Aoibhneas
0%
revitalise athbheoigh
0%
boisterous bacham
0%
hug barróg/croi isteach
0%
mellifluous béalbhinn
0%
elegy for someone who is gone, but alive beochaoineadh
0%
blossom bláthaigh
0%
resurgence borradh
0%
weather that's not good or bad breacaimsir
0%
dream brionglóid
0%
opposition/antithesis codersnacht
0%
congratulations comhghairdeas
0%
ravenous craosach
0%
memory cuimhne
0%
extinction díothú
0%
magic draíocht
0%
despondency Drochmhisneach
0%
birthright dúchas
0%
opulent galánta
0%
Joyous gealgháireach
0%
generation/knee glúin
0%
Despondent lagmhisniúil
0%
desolation léirscrios
0%
fool ludramán
0%
sentimentality/melancholy maoithneachas
0%
miracle míorúilt
0%
myths miotaseolaíocht
0%
ephemeral neamhbhuan
0%
passing from place to place neamhchónaitheach
0%
ethereal neamhshaolta
0%
strength neart
0%
talking incomprehensibly while crying plobaireacht
0%
shadow scáth
0%
silhouette scáthchruth
0%
illusion seachmall
0%
melodic séiseach
0%
jellyfish smugairle rón
0%
Eloquence solabharthacht
0%
epiphany splanc léargais
0%
vibrant spleodrach
0%
lullaby suantraí
0%
phantom taibhse
0%
nightmare tromluí
0%
No matching quizzes found
Score Distribution
Percent of People with Each Score
Percentile by Number Answered
Your Score History
You have not taken this quiz